000 00731nam a22002297a 4500
003 OSt
005 20140310181918.0
008 130717t xxu||||| |||| 00| 0 eng d
020 _a9780340822395
050 _aHF 5549.5
_b.L962 2000
082 _aTR 658.314
_bL97 2000
100 _aLundin, Stephen C.
_91258
245 _aFish! : by Stephen C. Lundin, Harry Paul and John Christensen. a remarkable way to boost morale and improve results /
_cStephen C. Lundin.
260 _aLondon :
_bHodder & Stoughton,
_cc2000.
300 _a112 p. ;
_c20 cm.
521 _aFaculty
541 _j1
562 _e1
650 _aEmployee motivation.
_9589
650 _aCustomer services.
_91259
942 _2lcc
_cBK-TR
_kTR
999 _c6858
_d6858